[Event "Ruhrgebiet VK1 0001"]
[Site "Ruhrgebiet"]
[Date "2001.01.21"]
[Round "5"]
[White "Spickenbaum, Edgar"]
[Black "Woller, Rainer"]
[Result "1/2-1/2"]
[WhiteElo "1975"]
[BlackElo "2132"]
[PlyCount "100"]
[EventDate "2000.09.17"]
[EventType "team-tourn"]
[EventRounds "9"]
[EventCountry "GER"]
[SourceTitle "EXT 2023"]
[Source "ChessBase"]
[SourceDate "2022.10.05"]
[SourceVersion "1"]
[SourceVersionDate "2022.10.05"]
[SourceQuality "1"]
[WhiteTeam "Oberhausen II"]
[BlackTeam "Mengede SG"]
[WhiteTeamCountry "GER"]
[BlackTeamCountry "GER"]

1. c4 c5 2. Nc3 Nc6 3. g3 g6 4. Bg2 Bg7 5. Nf3 e5 6. d3 Nge7 7. 0-0 h6 8. Rb1 0-0 9. a3 a5 10. Bd2 d6 11. Nd5 Nxd5 12. cxd5 Ne7 13. e4 b6 14. b4 axb4 15. axb4 Ba6 16. Qb3 f5 17. b5 Bc8 18. Ra1 Rxa1 19. Rxa1 Bd7 20. Ra6 Nc8 21. Ra8 Qc7 22. Qa4 fxe4 23. dxe4 c4 24. Be3 Kh7 25. Nd2 c3 26. Nc4 c2 27. Bf1 Rf3 28. Qxc2 Bxb5 29. Qb3 Bxc4 30. Qxc4 Qxc4 31. Bxc4 Rf8 32. Ba6 Ne7 33. Ra7 Ng8 34. Bxb6 Nf6 35. f3 Rb8 36. Rb7 Rxb7 37. Bxb7 Nd7 38. Bc7 Bf8 39. Bc8 Nc5 40. Kf2 Kg7 41. Ke3 g5 42. Kd2 Nb3+ 43. Kd3 Nd4 44. Bg4 Kg6 45. Ke3 Nc2+ 46. Kf2 Nd4 47. Bb6 h5 48. Bd7 Kf7 49. f4 gxf4 50. gxf4 Bg7 1/2-1/2

[Event "Oberliga Nord O 0001"]
[Site "Germany"]
[Date "2001.??.??"]
[Round "?"]
[White "Jandke, Manfred"]
[Black "Woller, Rainer"]
[Result "1/2-1/2"]
[WhiteElo "2153"]
[BlackElo "2240"]
[PlyCount "85"]
[EventDate "2000.10.??"]
[EventType "team"]
[EventRounds "9"]
[EventCountry "GER"]
[SourceTitle "EXT 2004"]
[Source "ChessBase"]
[SourceDate "2003.11.25"]
[SourceVersion "1"]
[SourceVersionDate "2003.11.25"]
[SourceQuality "1"]

1. d4 d5 2. c4 e6 3. Nc3 c5 4. cxd5 exd5 5. Nf3 Nc6 6. Bf4 Nf6 7. e3 Be7 8. dxc5 Bxc5 9. a3 a6 10. Bd3 0-0 11. 0-0 Bg4 12. h3 Bh5 13. Rc1 Ba7 14. g4 Bg6 15. Bxg6 hxg6 16. g5 Nh5 17. Qxd5 Nxf4 18. exf4 Qb6 19. Na4 Qc7 20. Ne5 Rad8 21. Qg2 Qd6 22. Nxc6 bxc6 23. Rc4 Qd3 24. Rc3 Qd4 25. b4 a5 26. Rxc6 axb4 27. axb4 Qxf4 28. Nc3 Qxb4 29. Nd5 Qd4 30. Ne7+ Kh7 31. Ra6 Qc5 32. Rxa7 Qxa7 33. Nc6 Qc5 34. Nxd8 Rxd8 35. Re1 Rd5 36. h4 Qd6 37. Qg3 Qb4 38. Rf1 Qe4 39. f3 Qe3+ 40. Qf2 Qf4 41. Qh2 Rd4 42. Qxf4 Rxf4 43. Kg2 1/2-1/2